Z jakiego kraju jest podany piłkarz #2 - Statystyki

Ogólne statystyki
  • Ten quiz został rozwiązany 202 razy
  • Średni wynik to 7 z 7
Statystyki odpowiedzi
Hint Odpowiedź % Poprawnych
Mbappe Francja
99%
Modric Chorwacja
97%
Son Korea Południowa
97%
Kane Anglia
96%
Neuer Niemcy
95%
Kevin de Bruine Belgia
93%
Fernandes Portugalia
93%
Nie znaleziono quizów pasujących do podanych kryteriów
Rozkład punktacji
Procent ludzi z każdym wynikiem
Percentyl według liczby udzielonych odpowiedzi
Twoja historia wyników
Nie rozwiązałeś tego quizu